=LDR 00000nam 2200000 4500 =001 000456 =005 20250712040652 =035 ##$$a 0010-0725000318 =007 ta =008 250712################a##########0#ind## =020 ##$$a 978-623-472-136-2 =082 ##$$a 398.209 598 =100 #$$a Fagan,Melissa =245 1#$$a Yang Paling Bagus /$c Melissa Fagan, Stefania Origgi =250 ##$$a pertama =260 ##$$a Jakarta :$b Badan Pengembangan dan Pembinaan Bahasa,$c 2022 =300 ##$$a 28hlm. : $b ilus. ; $c 22,9cm =650 #4$$a Cerita anak indonesia terjemahan =650 #4$$a Literasi bahan bacaan =700 #$$a Stefania Origgi =084 ##$$a 398.209 598 FAG y =990 ##$$a TBM202400206